000 01131nam a22002177a 4500
008 230425s2022 xxk|||||o|||| 00| 0 eng d
041 _aeng
110 _aRoyal Institution of Chartered Surveyors
245 _aRICS Red Book - UK National Supplement Consultation 2022
_h[Electronic resource]
260 _aLondon,
_bRoyal Institution of Chartered Surveyors,
_c2022
300 _a113p.
490 _aRICS Red Book
490 _aRICS Consultations
520 _aRICS is seeking views on updates to the UK National Supplement to the Global Red Book. This update will have two main purposes: Regulated purpose valuations (UK VPS 3) updates in light of the Review of Real Estate Investment Valuation. Other updates relating to financial reporting, public sector valuations and residential valuations.
520 _aConsultation opened 2nd November 2022 and closed Friday 30th December 2022
651 _aUnited Kingdom
690 _96273
_aValuation
710 _aRoyal Institution of Chartered Surveyors
856 _uhttps://consultations.rics.org/redbookuk/consultationHome
_zAvailable on RICS iConsult
942 _n0
999 _c121472
_d121472